|
|
|
|
| LEADER |
00000cam a2200000 7i4500 |
| 001 |
0000065282 |
| 005 |
20160813.0 |
| 008 |
160813 |
| 020 |
|
|
|a 967971442X
|
| 020 |
|
|
|a 9679714438(Set)
|
| 090 |
0 |
0 |
|a JF
|b MAL
|
| 100 |
1 |
|
|a Amer Haji Matsom
|
| 245 |
1 |
0 |
|a Jangan ikutkan hati
|c Amer Haji Matsom
|
| 260 |
|
|
|a Petaling Jaya :
|b Flo Enterprise Sdn. Bhd ,
|c 2003
|
| 300 |
|
|
|a 60p. :
|b .ill.
|
| 490 |
1 |
|
|a Siri usah tiru sikap buruk
|
| 500 |
|
|
|a Children ages 7-9 years old (orange)
|
| 650 |
|
0 |
|a Children;s stories, Malay
|
| 999 |
|
|
|a 0000917562
|b Book
|c Children Collection
|e Cawangan Bukit Gambir
|
| 999 |
|
|
|a 0000917563
|b Book
|c Children Collection
|e Cawangan Bukit Gambir
|
| 999 |
|
|
|a 0000917564
|b Book
|c Children Collection
|e Cawangan Bukit Gambir
|